| 000 | 00455nam a2200157Ia 4500 | ||
|---|---|---|---|
| 008 | 181023s9999 xx 000 0 und d | ||
| 020 | _a9781138669123 | ||
| 100 | _aHooks, Ed. | ||
| 245 |
_cEd Hooks.-- _aActing for animators / |
||
| 250 | _a4th ed | ||
| 260 |
_aNew York : _bRoutledge _c2017 |
||
| 300 | _axvii, 210 pages. | ||
| 500 | _aIncludes bibliographical references. | ||
| 650 | _aAnimation (Cinematography). | ||
| 650 | _aMotion picture acting. | ||
| 999 |
_c359384 _d359384 |
||